000 00792nam a22002055i 4500
001 161218
003 ES-MaACL
005 20240419183720.0
008 020504s1849 sp |||| | spa d
100 1 _aPacheco, Joaquín Francisco,
_d1808-1865
_988121
245 1 0 _aComentario a las leyes de desvinculacion /
_cpor Joaquin Francisco Pacheco.
250 _a4ª ed. considerablemente aum.
260 _aMadrid :
_b[s.n.],
_c1849 (
_fImp. a cargo de Manuel Rojas)
300 _a202 p. ;
_c21 cm.
530 _aDisponible en formato digital.
650 4 _aDesamortización-
_zEspaña-
_yS.XIX.
_9175838
852 4 _aES-MaACL
_jC-2645(1)
_z- Enc. hol.
856 4 _uhttp://bdh-rd.bne.es/viewer.vm?id=0000074873&page=1
_zBiblioteca Digital Hispánica
999 _c161218
_d161218